| 000 | 01196 a2200253 4500 | ||
|---|---|---|---|
| 003 | OSt | ||
| 005 | 20180116182644.0 | ||
| 008 | 160427b xxu||||| |||| 00| 0 eng d | ||
| 020 | _a0761971335 | ||
| 020 | _a9780761971337 | ||
| 040 | _c0 | ||
| 082 | 0 | 4 | _a300.72 |
| 100 | _aMiller, Dr Robert Lee. | ||
| 245 | 0 | 4 |
_aThe A--z of social research : _ba dictionary of key social science research. |
| 260 |
_a[S.l.] : _bSage Publications Ltd, _c2003. |
||
| 300 |
_a346 p. ; _c24 cm. |
||
| 500 | _aPaperback. | ||
| 520 | _aEncyclopedic dictionary of more than 100 entries, including qualitative research techniques, statistical testing, and the practicalities of using the Internet as a research tool. Structured in an accessible, reader-friendly format, most entries are approximately 1,500 words in length and are supported by suggestions for further reading. Softcover, hardcover available. | ||
| 700 | 1 | _aMiller, Dr Robert Lee. | |
| 700 | 1 | _aBrewer, Dr. John D. | |
| 856 | 4 | 0 |
_3Amazon.com _uhttp://www.amazon.com/exec/obidos/ASIN/0761971335/chopaconline-20 |
| 856 | 4 | 0 |
_3Amazon customer reviews _uhttp://www.chopac.org/cgi-bin/tools/azrev.pl?q=0761971335 |
| 942 |
_aNBS _cBK _k300.72 MIL _2ddc |
||
| 999 |
_c343537 _d343537 |
||